| 000 | 00617cam a22001937a 4500 | ||
|---|---|---|---|
| 008 | 180718b1999 xxu||||| |||| 00| 0 eng d | ||
| 020 | _a8170351901 | ||
| 082 | _aO91x54 N178 | ||
| 100 | _aNaskar, Kumudranjan | ||
| 245 |
_aEcology and biodiversity of Indian mangroves _cby Kumudranjan Naskar and Rathindranath Mandal |
||
| 260 |
_aDelhi _bDaya _c1999 |
||
| 300 | _a754p. | ||
| 650 | _aMangrove swamp ecology - India | ||
| 650 | _aMangrove plants - India | ||
| 650 | _aBiological diversity conservation | ||
| 650 | _aEcology - India | ||
| 650 | _aBiological diversity - India | ||
| 700 | _aMandal, Rathindranath | ||
| 999 |
_c400349 _d400349 |
||